| 000 | 01346nam0a22002891 4500 | ||
|---|---|---|---|
| 001 | rc\160410 | ||
| 005 | 20260407001822.0 | ||
| 010 |
_a5-89511-001-0 _93000 |
||
| 035 | _a(NLR Aleph) 005425992 | ||
| 090 |
_a7526444 _c7526444 |
||
| 100 | _a20030307d1997 |||y0rusy50 ca | ||
| 101 | 0 | _arus | |
| 102 | _aRU | ||
| 105 | _ay ||||||||| | ||
| 200 | 1 |
_aФилипп Миронов _eТихий Дон в 1917-1921 гг. _e[Документы] _fСост. В. Данилов и др. _gРедкол.: В. Данилов, Т. Шанин (отв. редакторы) и др. _g[Введ. В.П. Данилова, Н.С. Тарховой, с. 5-24] |
|
| 210 |
_aМ. _cМеждунар. фонд "Демократия" _d1997 |
||
| 215 |
_a787, [2] с. _d25 |
||
| 225 | 1 |
_aРоссия, XX век _eДокументы _fМеждунар. фонд "Демократия" _fПод общ. ред. А.Н. Яковлева |
|
| 320 | _aБиблиогр. в примеч.: с. 24, 685-718 | ||
| 320 | _aУказ. имен., геогр.: с. 744-761 | ||
| 702 | 1 |
_aДанилов _bВ.Н. _gВиктор Николаевич _4220 |
|
| 712 | 0 | 2 |
_a"Демократия", международный фонд _cМосква _9480777 _3RU\NLR\AUTH\889992245 |
| 801 | 0 |
_aRU _bNLR _gpsbo |
|
| 801 | 1 |
_aRU _bELAR _2rusmarc |
|
| 852 |
_aNLR _j97-7/491 |
||
| 942 | _cBOOK | ||
| 980 | _aNB | ||